| 000 | 00489nam a2200121Ia 4500 | ||
|---|---|---|---|
| 008 | 160712s9999 xx 000 0 und d | ||
| 100 | _aRodriguez, Rommel B. | ||
| 245 |
_cRommel B. Rodriguez _aTanikala at Talinhaga: Ang Manunulat na Bilanggong Politikal (Chain and Metaphor: The Writer-Political Prisoner) |
||
| 260 |
_c2015 _bHumanities Diliman |
||
| 300 | _avol. 12 no. 1 | ||
| 650 | _xHUMANITIES | ||
| 856 | _uhttp://journals.upd.edu.ph/index.php/humanitiesdiliman/issue/view/502/showToc | ||
| 999 |
_c297049 _d297049 |
||